MARC

LEADER 00000nas a2200000 a 4500
001 ssj0013242
003 WaSeSS
005 20200512172242.0
006 m d
007 cr n
008 910225d19892006nyuqr p s 0 a0eng c
010 |a  91644702   |z sn 91022775  
022 |l 1057-896X  |y 1057-896X 
035 |a (WaSeSS)ssj0013242 
040 |a LAS  |b eng  |c LAS  |d DLC  |d NSD  |d DLC  |d PIT  |d NST  |d HUL  |d NST  |d DLC  |d WAU  |d IUL  |d EYM  |d SYS  |d OCLCQ  |d NSD  |d TXA  |d DLC  |d GUA  |d OCLCQ  |d CUS  |d OCLCF  |d OCLCO  |d GILDS  |d OCLCO  |d WaSeSS 
042 |a pcc  |a nsdp 
050 0 0 |a LB1570  |b .J67 
082 0 4 |a 375/.001/05 
210 0 |a JCT  |b (Rochester N.Y.) 
222 0 |a JCT  |b (Rochester, N.Y.) 
245 0 0 |a JCT  |h [electronic resource]. 
246 1 3 |a Journal of curriculum theorizing 
260 |a Rochester, N.Y. :  |b Corp. for Curriculum Research,  |c 1991?- 
310 |a Quarterly 
362 0 |a 9, issue 1 (spring 1989)- 
362 1 |a Ceased with vol. 22, no. 4 (winter 2006). 
500 |a "An interdisciplinary journal of curriculum studies." 
506 |a License restrictions may limit access. 
515 |a Issue for spring 1989- called also issue 9:1- 
588 |a Latest issue consulted: Vol. 22, no. 4 (winter 2006). 
650 0 |a Education  |x Curricula  |v Periodicals. 
650 0 |a Curriculum planning  |v Periodicals. 
650 7 |a Curriculum planning.  |2 fast  |0 (OCoLC)fst00885382 
650 7 |a Education  |x Curricula.  |2 fast  |0 (OCoLC)fst00902556 
655 0 |a Electronic journals. 
780 0 0 |t Journal of curriculum theorizing  |x 0162-8453  |w (DLC) 79640288  |w (OCoLC)4240858 
785 0 0 |t Journal of curriculum theorizing (Online)  |x 1942-2563  |w (DLC) 2008212453  |w (OCoLC)226376922 
850 |a AzTeS  |a CU-Riv  |a CoU  |a DLC  |a DeU  |a GASU  |a ICarbS  |a IaU  |a InU  |a MBU  |a MH-Ed  |a MiU  |a MoU  |a NSyU  |a NBuU  |a NcRS  |a OCU  |a OU  |a PPiU  |a ULA  |a WaU 
853 3 3 |8 1  |a v.  |b no.  |i (year)  |j (season) 
856 4 0 |z Full text available from Research Library: 04/01/2004 to 12/31/2006  |u https://search.proquest.com/publication/25997 
863 4 0 |8 1  |a <9>-  |i <1989/1992>-  |x provisional